00909nam a22002297a 450000500170000000800410001702000250005805000210008324500380010425000110014226000290015330000180018250502280020065000340042865000320046270000300049470000350052470000290055970000340058870000290062270000280065120190912165058.0190912b ck ||||| |||| 00| 0 spa d a8482722832 (La obra)04aHV6039bP46 198313aEl pensamiento criminológicoc/ a1a ed. aBogotá :bTemis,c1983 a2v. ;c21 cm.0 tV.1 Un análisis críticotV.2 Estado y controlrRoberto Bergalli, Juan Bustos Ramírez, Teresa Miralles.rRoberto Bergalli, Juan Bustos Ramírez, Carlos González Z., Teresa Miralles, Ángel de Sola, Carles Viladas.  72lembaAntropología criminal 72lembaPsicología criminal1 aBergalli, Roberto,eautor1 aBustos Ramírez, Juan,eautor1 aMiralles, Teresa,eautor1 aGonzález Z., Carlos,eautor1 aSola, Ángel de,eautor1 aViladas, Carles,eautor